00460nam a2200133Ia 4500008004100000020001500041100002100056245008600077250000700163260002200170300001000192952010900202999001500311211105s9999 xx 000 0 und d aVYASA03108 aSilvers Lewis J. 0aDoctor Silvers' Extraordinary Remedies And Prescriptions For Health And Longevity a\N bPrentice-Hallc\N a216p. 00102ddc40708DYLSaSVYASAbSVYASAcR5.1Fd2002-10-17l0p04922r2021-11-09 00:00:00w2021-11-09yBKS c3800d3800